Perkhidmatan perubatan di Perak 1878-1941 /
Saved in:
| Main Author: | |
|---|---|
| Format: | Thesis Book |
| Language: | Malay |
| Published: |
2008.
|
| Subjects: | |
| Tags: |
Add Tag
No Tags, Be the first to tag this record!
|
| LEADER | 00974cam a2200265 a 4500 | ||
|---|---|---|---|
| 001 | u758546 | ||
| 003 | SIRSI | ||
| 005 | 200807311433 | ||
| 008 | 080731s2008 my t 000 0 may m | ||
| 040 | |a UMM | ||
| 043 | |a a-my-pe | ||
| 090 | |a D7 |b UM 2008 Halsj | ||
| 100 | 0 | |a Halimahtun Sa'diah Jap. | |
| 245 | 1 | 0 | |a Perkhidmatan perubatan di Perak 1878-1941 / |c Halimahtun Sa'diah binti Jap. |
| 260 | |c 2008. | ||
| 300 | |a xvi, 150, [2] leaves : |b ill. ; |c 30 cm. | ||
| 502 | |a Dissertation (M.A.) -- Jabatan Sejarah, Fakulti Sastera dan Sains Sosial, Universiti Malaya, 2008. | ||
| 504 | |a Bibliography: leaves 137-150. | ||
| 650 | 0 | |a Medical care |z Perak |x History. | |
| 650 | 0 | |a Public health |z Perak |x History. | |
| 650 | 0 | |a Community health services |z Perak |x History. | |
| 710 | 2 | |a Universiti Malaya. |b Jabatan Sejarah. | |
| 900 | |a RM-ZA | ||
| 596 | |a 1 | ||
| 999 | |a D7 UM 2008 HALSJ |w LC |c 1 |i A513257406 |d 10/3/2020 |e 10/3/2020 |f 12/10/2009 |g 1 |l STACKS |m P01UTAMA |n 31 |r Y |s Y |t TESIS |u 12/10/2009 | ||
